000 00654nam a2200277Ia 4500
005 20260324142449.0
008 008 260324s9999 xx 000 0 eng d
020 _a9781315484099
037 _aEBOOK
040 _aCRL
040 _beng
040 _cCRL
041 _2eng
041 _aeng
084 _qCRL
100 _aLincoln H. Day; Ma Xia; Ma Xia
_91212037
245 0 _aMigration and Urbanization in China
260 _bTaylor and Francis
260 _c1995
365 _a
365 _b170
856 _uhttp://www.taylorfrancis.com/books/9781315484099
942 _cEBOOK
999 _c1816262
_d1816262